| 000 | 00814nam a2200241Ia 4500 | ||
|---|---|---|---|
| 003 | OSt | ||
| 005 | 20220926022332.0 | ||
| 006 | a|||||r|||| 00| 0 | ||
| 007 | ta | ||
| 008 | 220923b |||||||| |||| 00| 0 eng d | ||
| 037 | _cGeneral Book | ||
| 040 |
_aRTL _cRTL _beng |
||
| 041 |
_2eng _aeng |
||
| 082 | _aX9(M71):54.1(X).N7, L4/UN | ||
| 110 |
_aUnited Nations Conference On Trade And Development (Geneva) _9126637 |
||
| 245 | 0 | _aInternational trade in cotton textiles and the developing countries | |
| 260 |
_aNew York _bUnited Nations U S A _c1974 |
||
| 300 |
_avi; 86p. _ccm. |
||
| 650 |
_aCotton Industry _9229873 |
||
| 700 |
_aUnited Nations Conference On Trade And Development (Geneva) _9126638 |
||
| 942 |
_hX9(M71):54.1(X).N7, L4/UN _cGB _2CC |
||
| 999 |
_c639202 _d639202 |
||